[Event "GER-chT U10"]
[Site "Magdeburg"]
[Date "2015.12.29"]
[Round "6.3"]
[White "Pietsch, Alexander"]
[Black "Dethloff, Florian"]
[Result "1-0"]
[WhiteElo "896"]
[BlackElo "758"]
[PlyCount "54"]
[EventDate "2015.12.27"]
[EventType "team-swiss"]
[EventRounds "7"]
[EventCountry "GER"]
[SourceTitle "EXT 2017"]
[Source "ChessBase"]
[SourceDate "2016.10.25"]
[SourceVersion "1"]
[SourceVersionDate "2016.10.25"]
[SourceQuality "1"]
[WhiteTeam "Niedersachsen"]
[BlackTeam "Bad Schwartau"]
[WhiteTeamCountry "GER"]
[BlackTeamCountry "GER"]

1. e4 e5 2. Nf3 Nc6 3. Bc4 Bc5 4. Nc3 Nf6 5. d3 d6 6. h3 h6 7. Be3 Bd7 8. Bxc5 dxc5 9. Qd2 Nb4 10. a3 Nc6 11. Nd5 Nd4 12. Nxf6+ Qxf6 13. Qd1 Ba4 14. b3 Bc6 15. 0-0 b5 16. Bd5 Bxd5 17. exd5 Nxf3+ 18. Qxf3 Qg6 19. Rfe1 0-0 20. Rxe5 f6 21. Re7 Rae8 22. Rxc7 Kh8 23. d6 f5 24. d7 Rd8 25. Qb7 Rf7 26. Rc8 Rxc8 27. dxc8Q+ Rf8 1-0